| 000 | 01185nam a2200301Ia 4500 | ||
|---|---|---|---|
| 001 | ebr5002092 | ||
| 003 | CaPaEBR | ||
| 006 | m u | ||
| 007 | cr cn||||||||| | ||
| 008 | 960408s1995 enka sb 001 0 eng d | ||
| 020 | _z0415001641 | ||
| 020 | _z0415116716 (pbk.) | ||
| 040 |
_aCaPaEBR _cCaPaEBR |
||
| 035 | _a(OCoLC)70767087 | ||
| 050 | 1 | 4 |
_aS429 _b.I73 1995eb |
| 100 | 1 | _aIsager, Signe. | |
| 245 | 1 | 0 |
_aAncient Greek agriculture _h[electronic resource] : _ban introduction / _cSigne Isager and Jens Erik Skydsgaard. |
| 250 | _a1st paperback ed. | ||
| 260 |
_aLondon ; _aNew York : _bRoutledge, _cc1995. |
||
| 300 |
_ax, 234 p. : _bill. |
||
| 504 | _aIncludes bibliographical references (p. 206-223) and indexes. | ||
| 533 |
_aElectronic reproduction. _bPalo Alto, Calif. : _cebrary, _d2013. _nAvailable via World Wide Web. _nAccess may be limited to ebrary affiliated libraries. |
||
| 650 | 0 |
_aAgriculture _zGreece _xHistory. |
|
| 655 | 7 |
_aElectronic books. _2local |
|
| 700 | 1 | _aSkydsgaard, Jens Erik. | |
| 710 | 2 | _aebrary, Inc. | |
| 856 | 4 | 0 |
_uhttp://site.ebrary.com/lib/rucke/Doc?id=5002092 _zAn electronic book accessible through the World Wide Web; click to view |
| 999 |
_c16351 _d16351 |
||